Evolution of New Working Spaces (Record no. 81178)

MARC details
000 -LEADER
fixed length control field 02393namaa2200457uu 4500
001 - CONTROL NUMBER
control field doab135561
003 - CONTROL NUMBER IDENTIFIER
control field oapen
005 - DATE AND TIME OF LATEST TRANSACTION
control field 20260218110441.0
006 - FIXED-LENGTH DATA ELEMENTS--ADDITIONAL MATERIAL CHARACTERISTICS
fixed length control field m o d
007 - PHYSICAL DESCRIPTION FIXED FIELD--GENERAL INFORMATION
fixed length control field cr|mn|---annan
008 - FIXED-LENGTH DATA ELEMENTS--GENERAL INFORMATION
fixed length control field 240314s2024 xx |||||o ||| 0|eng d
020 ## - INTERNATIONAL STANDARD BOOK NUMBER
International Standard Book Number 978-3-031-50868-4
020 ## - INTERNATIONAL STANDARD BOOK NUMBER
International Standard Book Number 9783031508677
020 ## - INTERNATIONAL STANDARD BOOK NUMBER
International Standard Book Number 9783031508684
024 7# - OTHER STANDARD IDENTIFIER
Standard number or code 10.1007/978-3-031-50868-4
Source of number or code doi
040 ## - CATALOGING SOURCE
Original cataloging agency oapen
Transcribing agency oapen
Modifying agency
041 0# - LANGUAGE CODE
Language code of text/sound track or separate title eng
042 ## - AUTHENTICATION CODE
Authentication code dc
245 00 - TITLE STATEMENT
Title Evolution of New Working Spaces
Remainder of title Changing Nature and Geographies
260 ## - PUBLICATION, DISTRIBUTION, ETC.
Place of publication, distribution, etc. Cham
Name of publisher, distributor, etc. Springer Nature
Date of publication, distribution, etc. 2024
300 ## - PHYSICAL DESCRIPTION
Extent 1 online resource (141 p.)
336 ## - CONTENT TYPE
Content type term text
Content type code txt
Source rdacontent
337 ## - MEDIA TYPE
Media type term computer
Media type code c
Source rdamedia
338 ## - CARRIER TYPE
Carrier type term online resource
Carrier type code cr
Source rdacarrier
490 1# - SERIES STATEMENT
Series statement SpringerBriefs in Applied Sciences and Technology; PoliMI SpringerBriefs
506 0# - RESTRICTIONS ON ACCESS NOTE
Standardized terminology for access restriction Unrestricted online access
Source of term star
520 ## - SUMMARY, ETC.
Summary, etc. This open access book provides multidisciplinary perspectives on the changing dynamics of new working spaces, with insights from various European countries and observing critical theoretical approaches. Divided into two main parts, the first part focuses on the different typologies of new working spaces, identifying the changing nature of these spaces and associated concepts, taxonomies, and specific approaches to this phenomenon. The second part analyzes the location of new working spaces, examining its recent evolution and identifying new factors and geographies, offering an additional empirical analysis of different European realities. The research included in this book contributes to the current discussion of new forms and geographies of work and their impact on the territories and related policies.
540 ## - TERMS GOVERNING USE AND REPRODUCTION NOTE
Terms governing use and reproduction Creative Commons
-- by-nc-nd/4.0/
-- cc
Uniform Resource Identifier <a href="http://creativecommons.org/licenses/by-nc-nd/4.0/">http://creativecommons.org/licenses/by-nc-nd/4.0/</a>
546 ## - LANGUAGE NOTE
Language note English
720 1# - ADDED ENTRY--UNCONTROLLED NAME
Name Mariotti, Ilaria
Relator code edt
720 1# - ADDED ENTRY--UNCONTROLLED NAME
Name Mariotti, Ilaria
Relator code oth
720 1# - ADDED ENTRY--UNCONTROLLED NAME
Name Méndez-Ortega, Carles
Relator code edt
720 1# - ADDED ENTRY--UNCONTROLLED NAME
Name Méndez-Ortega, Carles
Relator code oth
720 1# - ADDED ENTRY--UNCONTROLLED NAME
Name Micek, Grzegorz
Relator code edt
720 1# - ADDED ENTRY--UNCONTROLLED NAME
Name Micek, Grzegorz
Relator code oth
720 1# - ADDED ENTRY--UNCONTROLLED NAME
Name Tomaz, Elisabete
Relator code edt
720 1# - ADDED ENTRY--UNCONTROLLED NAME
Name Tomaz, Elisabete
Relator code oth
793 0# -
-- DOAB Library.
856 ## - ELECTRONIC LOCATION AND ACCESS
Uniform Resource Identifier <a href="https://docs.google.com/spreadsheets/d/1yKIrdCPDAG_9c22mwoOIO2DOhtj65Wqa/edit?usp=sharing&ouid=106555315294820607512&rtpof=true&sd=true ">https://docs.google.com/spreadsheets/d/1yKIrdCPDAG_9c22mwoOIO2DOhtj65Wqa/edit?usp=sharing&ouid=106555315294820607512&rtpof=true&sd=true </a>
Link text List of Curated E-Books
942 ## - ADDED ENTRY ELEMENTS (KOHA)
Koha item type E-Book
Holdings
Withdrawn status Damaged status Not for loan Home library Current library Date acquired Total Checkouts Date last seen Price effective from Koha item type
      Directory of Open Access Books Directory of Open Access Books 12/09/2024   12/09/2024 12/09/2024 E-Book

University of Rizal System
Email us at univlibservices@urs.edu.ph

Visit our Website www.urs.edu.ph/library